[Event "AUTO-ADV-91"]
[Site "http://www.queenalice.com/game.php?id=32975"]
[Date "2005.10.13"]
[Round "1"]
[White "jordanou"]
[Black "butchbristol54"]
[Result "0-1"]
[WhiteElo "1431"]
[BlackElo "1487"]

1. e4 d5 2. exd5 Qxd5 3. Nc3 Qd8 4. d3 Nc6 5. Qf3 Nf6 6. Bg5 Qd4 7. Be3 Qd8 8.
Nb5 a6 9. Nc3 e5 10. O-O-O Bg4 11. Qg3 Bxd1 12. Kxd1 Qd6 13. f4 O-O-O 14. fxe5
Qxe5 15. Bf4 Qe7 16. Nf3 Nh5 17. Qg4+ Kb8 18. Bg5 Nf6 19. Bxf6 Qxf6 20. Be2 Bd6
21. Rf1 Qg6 22. Qh3 Rhe8 23. Qh4 Bb4 24. Nb1 Qxg2 25. Rf2 Qg6 26. a3 Ba5 27. b4
Qe6 28. bxa5 Qa2 29. Nc3 Qxa3 30. Ne4 f5 31. Neg5 Qxa5 32. Nf7 Rd7 33. Qc4 g6
34. N7g5 Na7 35. Ne6 Nb5 36. Nd2 Qa1+ 37. Nb1 Qxb1+ 38. Kd2 Qb2 39. Ke1 Qc1+ 0-1

[Event "AUTO-ADV-91"]
[Site "http://www.queenalice.com/game.php?id=32976"]
[Date "2005.10.13"]
[Round "1"]
[White "butchbristol54"]
[Black "jordanou"]
[Result "1-0"]
[WhiteElo "1458"]
[BlackElo "1455"]

1. e4 e5 2. Bc4 Nf6 3. Qf3 d6 4. d3 Bg4 5. Qg3 Nc6 6. Bg5 Bh5 7. c3 h6 8. Bxf6
gxf6 9. Qh4 Bg6 10. a3 Be7 11. Qg4 h5 12. Qd1 f5 13. Nd2 fxe4 14. Nb3 exd3 15.
Bxd3 e4 16. Bb5 Bg5 17. Nd4 Qe7 18. Nxc6 bxc6 19. Bxc6+ Kf8 20. Bxa8 Qf6 21. Bc6
h4 22. Ne2 h3 23. g3 e3 24. f4 Kg7 25. Qd4 Qxd4 26. cxd4 Bf6 27. O-O Bh5 28. Bf3
Bg6 29. Rac1 Bd3 30. Rfd1 Bxe2 31. Bxe2 Rc8 32. Rc3 c5 33. dxc5 Bxc3 34. bxc3
dxc5 35. Bg4 Re8 36. Re1 a5 37. Bxh3 e2 38. Kf2 1-0

[Event "AUTO-ADV-91"]
[Site "http://www.queenalice.com/game.php?id=32985"]
[Date "2005.10.13"]
[Round "1"]
[White "butchbristol54"]
[Black "gniark"]
[Result "0-1"]
[WhiteElo "1447"]
[BlackElo "1595"]

1. e4 e6 2. Bc4 d5 3. exd5 exd5 4. Bb3 c5 5. Qe2+ Be6 6. Nf3 Be7 7. Ba4+ Nc6 8.
Bxc6+ bxc6 9. O-O Bg4 10. h3 Bh5 11. g4 Bg6 12. d3 Nf6 13. Bf4 O-O 14. Qd2 Bd6
15. Bxd6 Qxd6 16. Nc3 a5 17. a4 Rfe8 18. Rfe1 d4 19. Rxe8+ Rxe8 20. Re1 Rxe1+
21. Nxe1 dxc3 22. Qxc3 Qc7 23. Qxc5 Nd5 24. b3 Nf4 25. Qe3 h6 26. Kf1 c5 0-1

[Event "AUTO-ADV-91"]
[Site "http://www.queenalice.com/game.php?id=32986"]
[Date "2005.10.13"]
[Round "1"]
[White "gniark"]
[Black "butchbristol54"]
[Result "1/2-1/2"]
[WhiteElo "1664"]
[BlackElo "1451"]

1. d4 Nf6 2. c4 d5 3. cxd5 Qxd5 4. Nc3 Qd8 5. Bg5 h6 6. Bxf6 exf6 7. e3 Bd6 8.
Nf3 O-O 9. Bd3 f5 10. O-O f4 11. e4 c6 12. e5 Bb4 13. Ne2 Bg4 14. Qb3 Bxf3 15.
Qxb4 Qg5 16. g3 Nd7 17. Nxf4 b5 18. Rac1 a5 19. Qd6 Rad8 20. Qc7 Nb8 21. Be2
Rxd4 22. Bxf3 Rxf4 23. Bxc6 Nxc6 24. Rxc6 Rb4 25. b3 a4 26. bxa4 Rxa4 27. Rc2
Rfa8 28. Ra1 Rc4 29. Rxc4 bxc4 30. Qc6 Ra5 31. e6 Qe7 32. exf7+ Qxf7 33. Rc1
Rxa2 34. Qxc4 Rxf2 35. Qxf7+ Rxf7 36. Kg2 g5 37. Rc6 Kg7 38. h4 g4 39. Rd6 Rf6
40. Rxf6 1/2-1/2

[Event "Let's Play Chess!"]
[Site "http://www.queenalice.com/game.php?id=33106"]
[Date "2005.10.14"]
[Round "-"]
[White "butchbristol54"]
[Black "bennyray"]
[Result "1-0"]
[WhiteElo "1437"]
[BlackElo "1381"]

1. e4 c6 2. Nc3 d5 3. Be2 d4 4. Nb1 e5 5. Nf3 f6 6. d3 Bb4+ 7. Bd2 Bxd2+ 8.
Nbxd2 b5 9. a4 b4 10. b3 Nh6 11. h3 g5 12. g4 c5 13. h4 Nxg4 14. Nc4 Ba6 15.
Nxg5 fxg5 16. Bxg4 gxh4 17. Bh5+ Kf8 18. Qf3+ Kg7 19. Qg4+ Kf8 20. Qf5+ Ke7 21.
Qf7# 1-0

[Event "AUTO-OPEN-201"]
[Site "http://www.queenalice.com/game.php?id=46386"]
[Date "2006.1.4"]
[Round "1"]
[White "butchbristol54"]
[Black "dpenguin"]
[Result "0-1"]
[WhiteElo "1443"]
[BlackElo "977"]

1. e4 Nf6 2. Nc3 Nc6 3. Nf3 e6 4. Be2 b6 5. O-O h5 6. h3 Rh6 7. d4 a5 8. Bxh6
gxh6 9. d5 exd5 10. exd5 Nb4 0-1